000 00668nam a22002537a 4500
003 UA-OsUOA
001 26292
007 ta
008 20040525b un ||||| |||| 00| 0 ukr d
100 _aФурдуй М.І.
090 _a811.161.2(075.8)
_bФ95
942 _cBK
040 _aUA-OsUOA
_bukr
_cUA-OsUOA
_dUA-OsUOA
245 _aУкраїнська мова. Практикум з правопису
_bНавчальний посібник
300 _a272 с.
955 _a0
041 _aukr
080 _a811.161.2(075.8)
020 _a966-06-0291-Х
260 _aКиїв
_bЛибідь
_c2003
044 _aUA
650 7 _2UDC
999 _c312611
_d312611